000 00429nam a2200205Ia 4500
001 000597
003 YMCAF
005 20230512160026.0
008 100717s1971 ||||||||||||||||| ||und|d
024 _a597
035 _a582
040 _aYMCAF
_beng
_cIN-KoLT
041 _aeng
082 _aMIC-DUD
100 _aDUDDINGTON C..L.
245 0 _aMICRO-ORGNASMS AS ALLIES
260 _c1971
300 _a256
942 _2ddc
_cBK
999 _c475
_d475